Fonctions de la diplomatie économique d'État diplomová práca

Saved in:
Bibliographic Details
Main Author: Pečivová, Marta
Corporate Author: Ekonomická univerzita v Bratislave. Ústav medzinárodných programov
Other Authors: Rusiňák, Peter, Martin, Claude
Format: Book
Language:French
Published: Bratislava 2010
Tags: Add Tag
No Tags, Be the first to tag this record!

MARC

LEADER 00000nam a2200000 4500
001 0119213
005 20240318114922.9
041 0 |a fre 
044 |a SK 
245 1 0 |a Fonctions de la diplomatie économique d'État  |b diplomová práca  |c Marta Pečivová ; škol. Peter Rusiňák, Claude Martin 
264 1 |a Bratislava  |c 2010 
300 |a 85 s. 
100 1 |a Pečivová, Marta 
700 1 |a Rusiňák, Peter 
700 1 |a Martin, Claude 
710 2 |a Ekonomická univerzita v Bratislave. Ústav medzinárodných programov